Normal view
MARC view
- ألغاز - مسابقات - الشعر العربي
Entry Topical Term
001 - CONTROL NUMBER
- control field: 37603
003 - CONTROL NUMBER IDENTIFIER
- control field: JO-AjAnu
005 - DATE AND TIME OF LATEST TRANSACTION
- control field: 20230606080253.0
008 - FIXED-LENGTH DATA ELEMENTS
- fixed length control field: 230606|| aca||aabn | a|a d
040 ## - CATALOGING SOURCE
- Original cataloging agency: JO-AjAnu
- Transcribing agency: JO-AjAnu
150 ## - HEADING--TOPICAL TERM
- Topical term or geographic name entry element: ألغاز - مسابقات - الشعر العربي
670 ## - SOURCE DATA FOUND
- Source citation: Work cat.: (JO-AjAnu)19294: تأليف محمود، معروف رفيق, author 37602, ألغاز ومسابقاتى إذاعية: أذيعت من إذاعة قطر بمناسبات رمضانية مباركة